[Event "Commonwealth-ch"]
[Site "New Delhi"]
[Date "2007.12.07"]
[Round "7"]
[White "Vijaya, Kumar AVS"]
[Black "Auckland, Elliott"]
[Result "1/2-1/2"]
[WhiteElo "2110"]
[BlackElo "1910"]
[PlyCount "37"]
[EventDate "2007.12.03"]
[EventType "swiss"]
[EventRounds "10"]
[EventCountry "IND"]
[SourceTitle "CBM 121 Extra"]
[Source "ChessBase"]
[SourceDate "2008.01.10"]
[SourceVersion "1"]
[SourceVersionDate "2008.01.10"]
[SourceQuality "1"]

1. d4 Nf6 2. c4 g6 3. Nf3 Bg7 4. g3 0-0 5. Bg2 d5 6. cxd5 Nxd5 7. 0-0 Nc6 8. Nc3 Nb6 9. Qc2 Be6 10. Re1 Qc8 11. e4 Rd8 12. Be3 a6 13. a3 Nc4 14. Bf4 N4a5 15. b4 Nb3 16. Rab1 Nbxd4 17. Nxd4 Bxd4 18. Bg5 Bf6 19. Bxf6 1/2-1/2